Sports Quiz

Random Sports or NBA Quiz

NBA Top 10 (1990s) Quiz Stats

 Plays Quiz Updated Nov 13, 2018

Support Sporcle.
Go Orange.
Score 0/50 Timer 05:00
8 Plays Today
Stat Player % Correct
PointsMichael Jordan
99.2%
StealsMichael Jordan
99.2%
PointsKarl Malone
92.2%
ReboundsKarl Malone
92.2%
AssistsJohn Stockton
91.6%
StealsJohn Stockton
91.6%
PointsScottie Pippen
89.4%
StealsScottie Pippen
89.4%
BlocksShaquille O'Neal
89.1%
PointsHakeem Olajuwon
85.5%
ReboundsHakeem Olajuwon
85.5%
StealsHakeem Olajuwon
85.5%
BlocksHakeem Olajuwon
85.5%
AssistsKevin Johnson
84.2%
AssistsAvery Johnson
84%
PointsDavid Robinson
82%
ReboundsDavid Robinson
82%
BlocksDavid Robinson
82%
PointsPatrick Ewing
80.8%
ReboundsPatrick Ewing
80.8%
BlocksPatrick Ewing
80.8%
ReboundsDennis Rodman
79.3%
PointsCharles Barkley
78.9%
ReboundsCharles Barkley
78.9%
AssistsGary Payton
66.5%
Stat Player % Correct
StealsGary Payton
66.5%
PointsReggie Miller
63.2%
ReboundsDikembe Mutombo
60.5%
BlocksDikembe Mutombo
60.5%
AssistsTim Hardaway
60.4%
StealsTim Hardaway
60.4%
ReboundsShawn Kemp
56.1%
BlocksShawn Kemp
56.1%
BlocksAlonzo Mourning
51.3%
AssistsMark Jackson
51.2%
PointsMitch Richmond
35.8%
PointsGlen Rice
29.3%
ReboundsCharles Oakley
29%
BlocksShawn Bradley
23.2%
AssistsMuggsy Bogues
22%
BlocksVlade Divac
21.6%
StealsJeff Hornacek
20.7%
AssistsMookie Blaylock
17%
StealsMookie Blaylock
17%
AssistsRod Strickland
16.7%
StealsRod Strickland
16.7%
ReboundsKevin Willis
15.6%
StealsHersey Hawkins
7.7%
BlocksElden Campbell
5.7%
AssistsSherman Douglas
3%

From the Vault

DC Superhero by Origin Story II

by BorezU

What if we just changed them all to being bitten by something radioactive instead?
Remove Ads.
Support Sporcle.
Get the best of Sporcle when you Go Orange. This ad-free experience offers more features, more stats, and more fun while also helping to support Sporcle. Thank you for becoming a member.

Show Comments

Extras

Top Quizzes Today


Score Distribution

Your Account Isn't Verified!

In order to create a playlist on Sporcle, you need to verify the email address you used during registration. Go to your Sporcle Settings to finish the process.

Report this User

Report this user for behavior that violates our Community Guidelines.

Details: